Statistics for Biggest Cities in Arkansas

Click here to take the quiz!

General Stats

  • This quiz has been taken 2,307 times
    (1,564 since last reset)
  • The average score is 10 of 20

Answer Stats

Population City % Correct
198,606Little Rock
100%
85,257Fayetteville
79%
88,037Fort Smith
73%
35,789Benton
64%
75,866Jonesboro
64%
36,915Hot Springs
61%
30,259Texarkana
60%
65,911North Little Rock
56%
42,984Pine Bluff
55%
65,782Conway
54%
49,298Bentonville
54%
66,430Rogers
49%
79,599Springdale
49%
24,860West Memphis
48%
28,513Jacksonville
32%
29,318Russellville
30%
26,141Cabot
24%
31,081Sherwood
22%
28,488Paragould
22%
28,511Bella Vista
17%

Score Distribution

Percentile by Number Answered

Percent of People with Each Score

Your Score History

You have not taken this quiz since the last reset